[Event "October TNT"]
[Site "Winnipeg CAN"]
[Date "2003.10.07"]
[Round "1"]
[White "Vincent, Trevor"]
[Black "Tetrault, Charles"]
[Result "1-0"]
[WhiteElo "2101"]
[BlackElo "1563"]
[PlyCount "93"]
[EventDate "2003.10.07"]
[EventType "swiss"]
[EventRounds "4"]
[EventCountry "CAN"]

1. c4 e5 2. g3 Nc6 3. Bg2 f5 4. Nc3 d6 5. d3 Nf6 6. e4 Be7 7. Nge2 O-O 8. O-O
Be6 9. Nd5 Qd7 10. f3 Rae8 11. Be3 Bd8 12. Qd2 Ne7 13. Rac1 c6 14. Nxe7+ Qxe7
15. b4 b6 16. h3 Qd7 17. exf5 Bxf5 18. g4 Bg6 19. f4 exf4 20. Nxf4 Bf7 21. Bf3
d5 22. g5 Qe7 23. Rce1 Nd7 24. cxd5 Qxg5+ 25. Kh1 cxd5 26. Rg1 Qh4 27. Rg4 Qh6
28. Reg1 Bf6 29. Qf2 Ne5 30. Rxg7+ Bxg7 31. Nh5 Bxh5 32. Bxd5+ Kh8 33. Bxh6
Bxh6 34. Qb2 Bf3+ 35. Bxf3 Rxf3 36. Re1 Bg7 37. d4 Rxh3+ 38. Kg2 Rh2+ 39. Kxh2
Nf3+ 40. Kg3 Nxe1 41. Qd2 Re4 42. d5 Be5+ 43. Kf2 Bd6 44. Qh6 Nd3+ 45. Kf3 Rf4+
46. Ke3 Ne5 47. Qxf4 1-0

[Event "October TNT"]
[Site "Winnipeg CAN"]
[Date "2003.10.14"]
[Round "2"]
[White "Babb, Jeff"]
[Black "Gibson, Kris"]
[Result "1-0"]
[WhiteElo "2167"]
[BlackElo "1756"]
[PlyCount "63"]
[EventDate "2003.10.07"]
[EventType "swiss"]
[EventRounds "4"]
[EventCountry "CAN"]

1. e4 c5 2. Nc3 d6 3. g3 Nc6 4. Bg2 g6 5. d3 Bg7 6. Nh3 Nf6 7. O-O h5 8. Bg5
Nh7 9. Be3 Rb8 10. Qd2 h4 11. Bh6 Bd4 12. Be3 hxg3 13. fxg3 Bxh3 14. Bxh3 Ng5
15. Bg2 Nh3+ 16. Bxh3 Rxh3 17. Nd1 Qd7 18. c3 Bxe3+ 19. Nxe3 Qe6 20. Qg2 Kd7
21. Rxf7 Ne5 22. Nd5 Rxh2 23. Rxe7+ Qxe7 24. Qxh2 Nf3+ 25. Kg2 Qf7 26. Qh7 Qxh7
27. Nf6+ Ke6 28. Nxh7 Ne5 29. d4 cxd4 30. cxd4 Nf7 31. Rf1 Nd8 32. Nf8+ 1-0

[Event "October TNT"]
[Site "Winnipeg CAN"]
[Date "2003.10.14"]
[Round "2"]
[White "Greenberg, Harley"]
[Black "Essery, Richard"]
[Result "0-1"]
[WhiteElo "1864"]
[BlackElo "1674"]
[PlyCount "106"]
[EventDate "2003.10.07"]
[EventType "swiss"]
[EventRounds "4"]
[EventCountry "CAN"]

1. d4 d5 2. c4 Bf5 3. Nc3 e6 4. Nf3 Nc6 5. g3 a6 6. Bg2 Qd7 7. O-O O-O-O 8. Nh4
dxc4 9. Nxf5 exf5 10. Qa4 Nxd4 11. Qxc4 b5 12. Qd3 g6 13. Bf4 Ne6 14. Qf3 c6
15. Rfd1 Qb7 16. Rxd8+ Kxd8 17. Rd1+ Kc8 18. Qd3 Be7 19. Be5 Nf6 20. Rc1 Rd8
21. Nd5 Nxd5 22. Bxd5 Nc5 23. Bxc6 Qxc6 24. Qe3 Kb7 25. b4 Rd5 26. bxc5 Rxc5
27. Rd1 Rd5 28. Rc1 Rxe5 29. Qf4 Qe4 30. Qd2 Rd5 31. Qa5 Rc5 32. Rd1 Qa4 33.
Rd7+ Kc8 34. Qxa4 bxa4 35. Rxe7 Rc7 36. Re3 Kd8 37. g4 fxg4 38. Re4 Re7 39.
Rxa4 Rxe2 40. Rxa6 Re6 41. Ra8+ Ke7 42. a4 Re1+ 43. Kg2 Ra1 44. a5 h5 45. a6 f5
46. a7 f4 47. Rg8 h4 48. h3 f3+ 49. Kh2 g3+ 50. fxg3 f2 51. a8=Q Rxa8 52. Rxa8
f1=Q 53. Ra7+ Kf8 0-1

[Event "October TNT"]
[Site "Winnipeg CAN"]
[Date "2003.10.14"]
[Round "2"]
[White "Opinga, Ron"]
[Black "Nair, Krishnan"]
[Result "1-0"]
[WhiteElo "1491"]
[BlackElo "1255"]
[PlyCount "51"]
[EventDate "2003.10.07"]
[EventType "swiss"]
[EventRounds "4"]
[EventCountry "CAN"]

1. e4 e5 2. Nf3 d6 3. Nc3 Be7 4. g3 Nf6 5. Bg2 O-O 6. O-O b6 7. d3 c6 8. h3 Bd7
9. Nh4 b5 10. a3 d5 11. Kh2 d4 12. Ne2 Nh5 13. Nxd4 Bxh4 14. Qxh5 Bxg3+ 15.
fxg3 exd4 16. Bf4 Be6 17. e5 a5 18. Bg5 Qc7 19. Be4 h6 20. Bxh6 gxh6 21. Rf6
Nd7 22. Rxh6 Qxe5 23. Qh4 f5 24. Qg5+ Kf7 25. Rh7+ Ke8 26. Qe7# 1-0

[Event "October TNT"]
[Site "Winnipeg CAN"]
[Date "2003.10.14"]
[Round "2"]
[White "Rutter, Blair"]
[Black "Vincent, Trevor"]
[Result "0-1"]
[WhiteElo "1708"]
[BlackElo "2101"]
[PlyCount "58"]
[EventDate "2003.10.07"]
[EventType "swiss"]
[EventRounds "4"]
[EventCountry "CAN"]

1. d4 Nf6 2. c4 e5 3. dxe5 Ng4 4. e4 Nxe5 5. f4 Nec6 6. Nf3 Bc5 7. Nc3 a5 8. a3
d6 9. Qd3 Na6 10. Rb1 O-O 11. Be2 f5 12. Ng5 Qe8 13. h4 fxe4 14. Qd5+ Kh8 15.
h5 h6 16. Ncxe4 Bf5 17. Nxc5 Nxc5 18. Ra1 hxg5 19. h6 g6 20. Bd2 Nd3+ 21. Kf1
Nxf4 22. Bxf4 Be4 23. Qxg5 Qe5 24. Qxe5+ dxe5 25. Rd1 Rxf4+ 26. Ke1 Nd4 27. Rh3
Rd8 28. Rc1 Nc2+ 29. Rxc2 Bxc2 0-1

[Event "October TNT"]
[Site "Winnipeg CAN"]
[Date "2003.10.14"]
[Round "2"]
[White "Taylor, Evan"]
[Black "Tetrault, Claude"]
[Result "1-0"]
[WhiteElo "1305"]
[BlackElo "1539"]
[PlyCount "61"]
[EventDate "2003.10.07"]
[EventType "swiss"]
[EventRounds "4"]
[EventCountry "CAN"]

1. e4 c5 2. Nf3 d6 3. d4 cxd4 4. Nxd4 Nc6 5. Nc3 Nf6 6. Bc4 a6 7. Be3 g6 8. O-O
Bg7 9. f3 O-O 10. Nxc6 bxc6 11. Qd2 Rb8 12. Rfd1 Qc7 13. Rab1 Rd8 14. e5 Ne8
15. f4 Bg4 16. Rf1 dxe5 17. Qf2 Bf5 18. fxe5 Bxe5 19. g4 Bxc3 20. bxc3 Rxb1 21.
Rxb1 Be6 22. Bxe6 fxe6 23. Bb6 Qb8 24. Rf1 Nd6 25. Bxd8 Qxd8 26. Rd1 Qc8 27. a4
e5 28. Qe2 Nf7 29. Rf1 Qe6 30. Qxa6 Ng5 31. Qa8+ 1-0

[Event "October TNT"]
[Site "Winnipeg CAN"]
[Date "2003.10.14"]
[Round "2"]
[White "Taylor, Jasper"]
[Black "Gibbons, Lorne"]
[Result "1-0"]
[WhiteElo "1476"]
[BlackElo "1310"]
[PlyCount "75"]
[EventDate "2003.10.07"]
[EventType "swiss"]
[EventRounds "4"]
[EventCountry "CAN"]

1. d4 d5 2. c4 e6 3. Nc3 g6 4. cxd5 exd5 5. Bf4 a6 6. e3 Bd7 7. Nf3 Ne7 8. Qb3
Bc6 9. Ne5 b6 10. Nxc6 Nbxc6 11. Bd3 Bg7 12. O-O O-O 13. Rac1 Na5 14. Qc2 c6
15. b3 b5 16. Ne2 Qd7 17. Qd2 Nb7 18. Qc2 Nd8 19. Bg3 Ne6 20. Nf4 Rfc8 21. Nxe6
Qxe6 22. Qc5 Bf8 23. Qc2 Kh8 24. Qe2 f5 25. Be5+ Bg7 26. Bxg7+ Kxg7 27. Qc2 Qd6
28. Qc5 Qc7 29. Qc3 Rcb8 30. Rfd1 Rb6 31. Qc5 b4 32. Rd2 Rc8 33. Qc2 Ng8 34.
Qc5 Nf6 35. Qa5 Ra8 36. Rdc2 Nd7 37. Rxc6 Qd8 38. Qxd5 1-0

[Event "October TNT"]
[Site "Winnipeg CAN"]
[Date "2003.10.14"]
[Round "2"]
[White "Zaczek, Jonathan"]
[Black "Cleto, Sam"]
[Result "0-1"]
[WhiteElo "1696"]
[BlackElo "1914"]
[PlyCount "58"]
[EventDate "2003.10.07"]
[EventType "swiss"]
[EventRounds "4"]
[EventCountry "CAN"]

1. e4 e5 2. Nf3 d6 3. Bc4 Be7 4. d4 exd4 5. Nxd4 Nf6 6. Nc3 O-O 7. O-O Nbd7 8.
f3 c6 9. Be3 Ne5 10. Bb3 c5 11. Nde2 a5 12. a4 Be6 13. Bd5 Rb8 14. Nf4 Qc8 15.
Nb5 Nc4 16. Qe2 Nxe3 17. Qxe3 Re8 18. Qd2 Bf8 19. Qxa5 Bxd5 20. Nxd5 Nxd5 21.
exd5 Re2 22. Qc3 Qf5 23. Rf2 Rbe8 24. Rd1 R2e3 25. Qd2 g6 26. c4 Qe5 27. b4 Bh6
28. Rff1 Bf4 29. g3 Qg5 0-1

[Event "October TNT"]
[Site "Winnipeg CAN"]
[Date "2003.10.21"]
[Round "3"]
[White "Cleto, Sam"]
[Black "Babb, Jeff"]
[Result "0-1"]
[WhiteElo "1878"]
[BlackElo "2152"]
[PlyCount "97"]
[EventDate "2003.10.07"]
[EventType "swiss"]
[EventRounds "4"]
[EventCountry "CAN"]

1. Nf3 g6 2. b3 Bg7 3. d4 c5 4. Bb2 Nc6 5. c3 cxd4 6. cxd4 Qb6 7. e3 Nf6 8. Be2
O-O 9. O-O d5 10. h3 a5 11. Nc3 a4 12. Rb1 axb3 13. axb3 Bf5 14. Bd3 Nb4 15.
Bxf5 gxf5 16. Ne5 Rfd8 17. Na4 Qb5 18. Ba3 e6 19. Qd2 Nc6 20. Nxc6 Qxc6 21.
Rfc1 Ne4 22. Qe1 Qe8 23. Bb4 b5 24. Nc5 Ra2 25. Nxe4 fxe4 26. Rc7 Bf6 27. Rbc1
Rb2 28. Qd1 Ra8 29. Bd6 Rba2 30. Qg4+ Kh8 31. Qf4 Kg7 32. g4 h6 33. h4 Bxh4 34.
Be5+ Kg6 35. Rf1 R8a7 36. Rc5 Kh7 37. Bf6 Bxf6 38. Qxf6 Qg8 39. f3 exf3 40.
Qxf3 h5 41. Rxb5 Qxg4+ 42. Qxg4 hxg4 43. Rf2 Kg6 44. Rxa2 Rxa2 45. Rb8 Re2 46.
b4 Rxe3 47. b5 Rb3 48. b6 Kf5 49. b7 0-1

[Event "October TNT"]
[Site "Winnipeg CAN"]
[Date "2003.10.21"]
[Round "3"]
[White "Hogeveen Rutter, Alexander"]
[Black "Nash, Jordan"]
[Result "1-0"]
[WhiteElo "1701"]
[BlackElo "1613"]
[PlyCount "95"]
[EventDate "2003.10.07"]
[EventType "swiss"]
[EventRounds "4"]
[EventCountry "CAN"]

1. e4 e5 2. Nf3 Nc6 3. Bb5 Nge7 4. O-O g6 5. c3 Bg7 6. d4 exd4 7. cxd4 O-O 8.
Nc3 a6 9. Ba4 h6 10. Be3 b5 11. Bc2 Bb7 12. Qd2 Kh7 13. Nh4 Nxd4 14. Bxd4 Bxd4
15. Qxd4 Nc6 16. Qd1 Qxh4 17. Qxd7 Qe7 18. Rad1 Rad8 19. Qxe7 Nxe7 20. f3 Nc6
21. Nd5 Na5 22. Nxc7 Rc8 23. Rd7 Kg8 24. b4 Nc4 25. Bb3 Ne5 26. Re7 Nc6 27. Nd5
Nxe7 28. Nxe7+ Kg7 29. Nxc8 Rxc8 30. Rd1 Rc7 31. Rd6 Bc8 32. Kf2 Rd7 33. Rxd7
Bxd7 34. Ke3 f6 35. Kd4 Kf8 36. Kc5 Ke7 37. f4 g5 38. g3 Bg4 39. Bd5 Be2 40.
Bb7 Bd3 41. Kb6 Kd6 42. Bxa6 Bxe4 43. Bxb5 gxf4 44. gxf4 Ke6 45. Bc6 Bd3 46. a4
Kf5 47. a5 Kxf4 48. a6 1-0

[Event "October TNT"]
[Site "Winnipeg CAN"]
[Date "2003.10.21"]
[Round "3"]
[White "Pottinger, Carl"]
[Black "Opinga, Ron"]
[Result "1-0"]
[WhiteElo "1602"]
[BlackElo "1533"]
[PlyCount "68"]
[EventDate "2003.10.07"]
[EventType "swiss"]
[EventRounds "4"]
[EventCountry "CAN"]

1. d4 Nf6 2. Nf3 g6 3. Bg5 Bg7 4. Nbd2 O-O 5. e4 d6 6. Bd3 Bg4 7. h3 Bxf3 8.
Nxf3 Nbd7 9. Qd2 e5 10. O-O c6 11. Bh6 Nh5 12. Bxg7 Kxg7 13. Rfd1 exd4 14. Nxd4
Qf6 15. c3 Nf4 16. Ne2 g5 17. Nxf4 gxf4 18. Bc2 f3 19. Qxd6 Ne5 20. Qxf6+ Kxf6
21. g3 Rg8 22. Rd6+ Ke7 23. Rdd1 Rg7 24. Kh2 h5 25. Rg1 Ng4+ 26. hxg4 Rh8 27.
Rh1 h4 28. Kg1 Rxg4 29. Rh3 Rhg8 30. Kh2 hxg3+ 31. fxg3 Rf4 32. gxf4 Rg2+ 33.
Kh1 Rxc2 34. Rxf3 Rxb2 1-0

[Event "October TNT"]
[Site "Winnipeg CAN"]
[Date "2003.10.21"]
[Round "3"]
[White "Taylor, Evan"]
[Black "Zaczek, Jonathan"]
[Result "0-1"]
[WhiteElo "1305"]
[BlackElo "1802"]
[PlyCount "62"]
[EventDate "2003.10.07"]
[EventType "swiss"]
[EventRounds "4"]
[EventCountry "CAN"]

1. Nf3 Nf6 2. d4 g6 3. c4 Bg7 4. Nc3 O-O 5. e4 d6 6. Be2 e5 7. d5 a5 8. O-O
Nbd7 9. h3 Nh5 10. Ne1 Nf4 11. Bxf4 exf4 12. Nd3 Qh4 13. Qc1 Be5 14. Na4 b6 15.
a3 f5 16. f3 Bd4+ 17. Kh1 Nc5 18. Naxc5 fxe4 19. Ne6 Bxe6 20. dxe6 exd3 21.
Bxd3 Rae8 22. Be4 g5 23. Re1 Be5 24. Bc6 Re7 25. Re2 h5 26. Qc2 Kg7 27. Bd5 g4
28. Kh2 Kf6 29. Rae1 Rg8 30. Qe4 gxh3 31. gxh3 Rg3 0-1

[Event "October TNT"]
[Site "Winnipeg CAN"]
[Date "2003.10.21"]
[Round "3"]
[White "Taylor, Jasper"]
[Black "Gibson, Kris"]
[Result "0-1"]
[WhiteElo "1476"]
[BlackElo "1756"]
[PlyCount "59"]
[EventDate "2003.10.07"]
[EventType "swiss"]
[EventRounds "4"]
[EventCountry "CAN"]

1. d4 Nf6 2. Nf3 b6 3. g3 Bb7 4. Bg2 e6 5. O-O c5 6. c3 Be7 7. e3 h5 8. Nbd2
Ng4 9. Qe2 h4 10. Nxh4 Bxg2 11. Kxg2 Nxh2 12. Rh1 Bxh4 13. Rxh2 Qg5 14. Nf3 Qg4
15. Bd2 Rh6 16. Re1 Bg5 17. Nxg5 Rxh2+ 18. Kxh2 Qxg5 19. Kg2 Nc6 20. f3 cxd4
21. exd4 Qd5 22. b3 O-O-O 23. Rh1 g5 24. Rh5 f6 25. Rh6 Rf8 26. Kf2 e5 27. dxe5
Nxe5 28. f4 Ng4+ 29. Qxg4 Qxd2+ 30. Kg1 0-1

[Event "October TNT"]
[Site "Winnipeg CAN"]
[Date "2003.10.21"]
[Round "3"]
[White "Tetrault, Claude"]
[Black "Nair, Krishnan"]
[Result "1-0"]
[WhiteElo "1566"]
[BlackElo "1255"]
[PlyCount "75"]
[EventDate "2003.10.07"]
[EventType "swiss"]
[EventRounds "4"]
[EventCountry "CAN"]

1. d4 d5 2. c4 e6 3. Nc3 a5 4. Nf3 Nf6 5. Bg5 Be7 6. e3 O-O 7. Qc2 h6 8. Bh4 c6
9. Bd3 Ng4 10. Bxe7 Qxe7 11. O-O Qe8 12. Rfe1 Nf6 13. cxd5 cxd5 14. Nb5 Qd7 15.
Ne5 Qe7 16. Rac1 Na6 17. a3 Bd7 18. Qb3 Rac8 19. Na7 Rxc1 20. Rxc1 Rb8 21. Bxa6
b5 22. Nac6 Bxc6 23. Nxc6 Qc7 24. a4 Rb6 25. Bxb5 Ne4 26. Qa3 Nd6 27. b3 Nxb5
28. axb5 Rxb5 29. Ne7+ Qxe7 30. Qxe7 Rxb3 31. h4 a4 32. Qe8+ Kh7 33. Qxa4 Rb2
34. g4 Kg6 35. Qd1 f5 36. f4 Kf6 37. g5+ Kf7 38. Rc7+ 1-0

[Event "October TNT"]
[Site "Winnipeg CAN"]
[Date "2003.10.21"]
[Round "3"]
[White "Tretiakov, Igor"]
[Black "Rutter, Blair"]
[Result "1/2-1/2"]
[WhiteElo "1468"]
[BlackElo "1720"]
[PlyCount "81"]
[EventDate "2003.10.07"]
[EventType "swiss"]
[EventRounds "4"]
[EventCountry "CAN"]

1. e4 e6 2. d4 d5 3. exd5 exd5 4. Qe2+ Be6 5. Nf3 Be7 6. Nc3 Nf6 7. Qb5+ Nbd7
8. Qxb7 O-O 9. Qa6 Nb6 10. Be2 Bf5 11. Bd3 Ne4 12. Ne5 c5 13. Bxe4 dxe4 14. Nc6
Qd7 15. Nxe7+ Qxe7 16. dxc5 Qxc5 17. Be3 Qb4 18. Qb5 Qd6 19. Qxf5 Rfe8 20. Nxe4
Qb4+ 21. Nd2 Qxb2 22. O-O Re5 23. Qf3 Ree8 24. Bxb6 axb6 25. Ne4 Qxc2 26. Nd6
Rf8 27. Nxf7 Ra7 28. Nh6+ gxh6 29. Qb3+ Qxb3 30. axb3 Raf7 31. Ra2 Kg7 32. Re2
Rf6 33. Rfe1 Rd8 34. Re7+ Kg6 35. g3 Rd2 36. f4 h5 37. R7e6 Rb2 38. Rxf6+ Kxf6
39. Re5 Rxb3 40. Rxh5 Kg6 41. Rg5+ 1/2-1/2

[Event "October TNT"]
[Site "Winnipeg CAN"]
[Date "2003.10.21"]
[Round "3"]
[White "Vincent, Trevor"]
[Black "Essery, Richard"]
[Result "1-0"]
[WhiteElo "2082"]
[BlackElo "1674"]
[PlyCount "55"]
[EventDate "2003.10.07"]
[EventType "swiss"]
[EventRounds "4"]
[EventCountry "CAN"]

1. c4 b6 2. Nc3 Bb7 3. e4 e6 4. g3 g6 5. Bg2 Bg7 6. Nge2 Ne7 7. O-O O-O 8. d4
d6 9. Be3 Nd7 10. Qd2 e5 11. d5 f5 12. Rac1 Nf6 13. f3 fxe4 14. Nxe4 Nf5 15.
Bg5 Qe8 16. N2c3 a6 17. Rce1 Rf7 18. Nxf6+ Bxf6 19. Bxf6 Rxf6 20. f4 Qf8 21.
Ne4 Rf7 22. Ng5 Re7 23. fxe5 Qh6 24. exd6 cxd6 25. Rxe7 Nxe7 26. Rf7 Re8 27.
Rxh7 Qf8 28. Qd4 1-0

[Event "October TNT"]
[Site "Winnipeg CAN"]
[Date "2003.10.28"]
[Round "4"]
[White "Babb, Jeff"]
[Black "Vincent, Trevor"]
[Result "1/2-1/2"]
[WhiteElo "2152"]
[BlackElo "2082"]
[PlyCount "56"]
[EventDate "2003.10.07"]
[EventType "swiss"]
[EventRounds "4"]
[EventCountry "CAN"]

1. e4 c5 2. Nc3 Nc6 3. g3 g6 4. Bg2 Bg7 5. d3 d6 6. f4 e6 7. Nf3 Nge7 8. Be3
Nd4 9. O-O O-O 10. Qd2 Rb8 11. Nd1 e5 12. fxe5 dxe5 13. c3 Nxf3+ 14. Bxf3 b6
15. Nf2 Be6 16. b3 Qd7 17. Bh6 f6 18. Bxg7 Kxg7 19. Qe3 Nc6 20. Rad1 Rbc8 21.
Rd2 b5 22. Kg2 b4 23. Qxc5 bxc3 24. Qxc3 Nd4 25. Qa5 Rc7 26. Rb1 Rfc8 27. Bd1
Rc5 28. Qa3 R8c7 1/2-1/2

[Event "October TNT"]
[Site "Winnipeg CAN"]
[Date "2003.10.28"]
[Round "4"]
[White "Essery, Richard"]
[Black "Hogeveen Rutter, Alexander"]
[Result "1/2-1/2"]
[WhiteElo "1674"]
[BlackElo "1701"]
[PlyCount "108"]
[EventDate "2003.10.07"]
[EventType "swiss"]
[EventRounds "4"]
[EventCountry "CAN"]

1. d4 g6 2. e4 Bg7 3. c4 d6 4. Nf3 Nf6 5. Nc3 O-O 6. Bd3 Nbd7 7. O-O c6 8. Re1
e5 9. d5 cxd5 10. cxd5 Nc5 11. Bc2 Qb6 12. h3 Bd7 13. Nd2 Nh5 14. Nc4 Qc7 15.
Ne3 Nf4 16. Ne2 Nxe2+ 17. Qxe2 f5 18. f3 fxe4 19. fxe4 Rf7 20. b4 Na6 21. a3
Qb6 22. Kh1 Raf8 23. Nc4 Qc7 24. Be3 b5 25. Na5 Nb8 26. Rac1 a6 27. Bd3 Qd8 28.
Nb7 Qf6 29. Nxd6 Qxd6 30. Bc5 Qf6 31. Bxf8 Rxf8 32. Rf1 Qb6 33. Rxf8+ Bxf8 34.
Rf1 Bg7 35. Qf2 Qxf2 36. Rxf2 Bf8 37. Rf6 Be8 38. Rb6 Nd7 39. Rxa6 Kf7 40. Bxb5
Be7 41. Ra8 Nf6 42. Bd3 Bd6 43. b5 Bxb5 44. Bxb5 Nxe4 45. a4 Nc3 46. Bd3 e4 47.
Bxe4 Nxe4 48. Ra7+ Be7 49. a5 Kf6 50. Ra6+ Bd6 51. Rb6 Ke5 52. a6 Ng3+ 53. Kh2
Nf1+ 54. Kh1 Ng3+ 1/2-1/2

[Event "October TNT"]
[Site "Winnipeg CAN"]
[Date "2003.10.28"]
[Round "4"]
[White "Gibson, Kris"]
[Black "Zaczek, Jonathan"]
[Result "1-0"]
[WhiteElo "1756"]
[BlackElo "1802"]
[PlyCount "60"]
[EventDate "2003.10.07"]
[EventType "swiss"]
[EventRounds "4"]
[EventCountry "CAN"]

1. e4 c5 2. b4 cxb4 3. Bb2 d5 4. exd5 Qxd5 5. Nf3 Nf6 6. c4 Qd8 7. Bxf6 exf6 8.
d4 Be7 9. Bd3 Bg4 10. O-O Nc6 11. Be4 O-O 12. Bxc6 bxc6 13. Nbd2 Re8 14. c5 Qd5
15. Qa4 a5 16. h3 Bh5 17. Rae1 Qd7 18. Re3 Bd8 19. Rxe8+ Qxe8 20. d5 Bxf3 21.
Nxf3 Kf8 22. Re1 Qd7 23. d6 g6 24. Nd4 Rc8 25. f4 f5 26. Nf3 Bf6 27. Qxa5 Qb7
28. Ne5 Bxe5 29. fxe5 Ra8 30. d7 Rxa5 1-0

[Event "October TNT"]
[Site "Winnipeg CAN"]
[Date "2003.10.28"]
[Round "4"]
[White "Greenberg, Harley"]
[Black "Tretiakov, Igor"]
[Result "1/2-1/2"]
[WhiteElo "1890"]
[BlackElo "1468"]
[PlyCount "62"]
[EventDate "2003.10.07"]
[EventType "swiss"]
[EventRounds "4"]
[EventCountry "CAN"]

1. d4 e6 2. c4 b6 3. Nf3 Bb7 4. a3 Be7 5. g3 Bxf3 6. exf3 d5 7. Bg2 Nd7 8. f4
Ngf6 9. f5 O-O 10. fxe6 fxe6 11. O-O Rc8 12. Qe2 dxc4 13. Qxe6+ Kh8 14. Nc3 a6
15. Bf4 Nh5 16. Be5 Nxe5 17. dxe5 Qe8 18. Bb7 Rd8 19. Bxa6 Bc5 20. Bxc4 Qxe6
21. Bxe6 Rde8 22. Bg4 Rxe5 23. Kg2 Nf6 24. Bf3 Rd8 25. Rad1 Rxd1 26. Rxd1 Be7
27. Bd5 g5 28. h3 h5 29. f3 Kg7 30. Rd2 Kh6 31. Bc4 c6 1/2-1/2

[Event "October TNT"]
[Site "Winnipeg CAN"]
[Date "2003.10.28"]
[Round "4"]
[White "Nash, Jordan"]
[Black "Tetrault, Claude"]
[Result "1-0"]
[WhiteElo "1613"]
[BlackElo "1566"]
[PlyCount "115"]
[EventDate "2003.10.07"]
[EventType "swiss"]
[EventRounds "4"]
[EventCountry "CAN"]

1. e4 c5 2. Nf3 d6 3. d4 cxd4 4. Nxd4 Nc6 5. Be3 Nf6 6. Nc3 g6 7. f3 Bg7 8. Bc4
a6 9. a3 O-O 10. Qd2 Qc7 11. Bb3 Na5 12. Nd5 Nxd5 13. Bxd5 Nc6 14. c3 e6 15.
Ba2 Ne5 16. O-O Bd7 17. Rfd1 Nc6 18. Nxc6 Bxc6 19. Qxd6 Qxd6 20. Rxd6 Rfd8 21.
Rad1 Rxd6 22. Rxd6 Rc8 23. Bb6 Bf6 24. Kf2 Kg7 25. Ke3 Kf8 26. f4 g5 27. g3 Be7
28. Rd4 Bb5 29. a4 Bc6 30. a5 Ke8 31. Bb1 h6 32. e5 Bd7 33. f5 Bc5 34. Bxc5
Rxc5 35. fxe6 fxe6 36. Bg6+ Ke7 37. b4 Rxc3+ 38. Rd3 Rc4 39. Rd4 Rc1 40. Kd2
Rh1 41. h4 Rg1 42. Rd3 gxh4 43. Be4 Bc6 44. Bxc6 bxc6 45. gxh4 Rg4 46. Kc3 Rxh4
47. Rd6 Re4 48. Rxc6 Rxe5 49. Rxa6 h5 50. Ra7+ Kf6 51. a6 h4 52. Rh7 Re3+ 53.
Kd2 Ra3 54. b5 h3 55. a7 Ra2+ 56. Kc3 h2 57. b6 Ra1 58. Rxh2 1-0

[Event "October TNT"]
[Site "Winnipeg CAN"]
[Date "2003.10.28"]
[Round "4"]
[White "Pottinger, Carl"]
[Black "Taylor, Jasper"]
[Result "1-0"]
[WhiteElo "1602"]
[BlackElo "1476"]
[PlyCount "81"]
[EventDate "2003.10.07"]
[EventType "swiss"]
[EventRounds "4"]
[EventCountry "CAN"]

1. d4 c6 2. Nf3 d5 3. Bf4 Nf6 4. Nbd2 Bf5 5. e3 e6 6. Nh4 Bg6 7. Nxg6 hxg6 8.
h3 Bd6 9. Bxd6 Qxd6 10. Bd3 Nbd7 11. Qe2 O-O 12. O-O Rfc8 13. c4 c5 14. dxc5
Nxc5 15. cxd5 Nxd5 16. Ne4 Qe7 17. Nxc5 Rxc5 18. Rfc1 Rac8 19. Rd1 Nf6 20. b3
a6 21. Qb2 Rd5 22. Bc4 Rxd1+ 23. Rxd1 Rd8 24. Rd4 Rxd4 25. Qxd4 Qd7 26. Qxd7
Nxd7 27. Kf1 Kf8 28. Ke2 Ke7 29. f4 f5 30. g4 b5 31. Bd3 Nc5 32. b4 Nb7 33. Kd2
Kd6 34. a4 bxa4 35. Bxa6 Nd8 36. Kc3 Nc6 37. Bd3 a3 38. Bb1 Kd5 39. b5 Na5 40.
Kb4 Nc4 41. Ba2 1-0

[Event "October TNT"]
[Site "Winnipeg CAN"]
[Date "2003.10.28"]
[Round "4"]
[White "Tetrault, Charles"]
[Black "Taylor, Evan"]
[Result "1-0"]
[WhiteElo "1563"]
[BlackElo "1305"]
[PlyCount "61"]
[EventDate "2003.10.07"]
[EventType "swiss"]
[EventRounds "4"]
[EventCountry "CAN"]

1. e4 c6 2. d4 d5 3. exd5 cxd5 4. c4 Nf6 5. Nc3 e6 6. Bg5 Bb4 7. Nf3 O-O 8. Qd2
Nc6 9. a3 Bxc3 10. Qxc3 Ne4 11. Bxd8 Nxc3 12. Bh4 Ne4 13. c5 a5 14. Bd3 e5 15.
Bxe4 dxe4 16. Nxe5 Nxd4 17. O-O-O Nb3+ 18. Kb1 Bf5 19. g4 Nd2+ 20. Rxd2 e3+ 21.
gxf5 exd2 22. Rd1 f6 23. Nd7 Rfe8 24. Rxd2 Rad8 25. Kc2 Re7 26. Nxf6+ gxf6 27.
Rxd8+ Kf7 28. Rd5 Rc7 29. b4 axb4 30. axb4 Re7 31. Kc3 1-0

[Event "Olympiade 2003"]
[Site "Charlesbourg CAN"]
[Date "2003.10.07"]
[Round "1"]
[White "Beaudoin, Stephane"]
[Black "Marquis, Paul"]
[Result "1-0"]
[WhiteElo "2014"]
[BlackElo "1974"]
[PlyCount "107"]
[EventDate "2003.10.07"]
[EventType "swiss"]
[EventRounds "6"]
[EventCountry "CAN"]

1. e4 e6 2. b3 d5 3. Bb2 dxe4 4. Nc3 Nf6 5. Qe2 Bb4 6. O-O-O Bxc3 7. dxc3 Qe7
8. f3 exf3 9. gxf3 Bd7 10. Nh3 Nc6 11. Nf4 O-O-O 12. Qf2 e5 13. Nd3 e4 14. Re1
Rhe8 15. Bg2 e3 16. Qh4 Nd5 17. Qxe7 Rxe7 18. Ba3 Ree8 19. c4 Nf6 20. Bc5 Bf5
21. Rxe3 Rxe3 22. Bxe3 Bxd3 23. cxd3 Rxd3 24. Re1 Nb4 25. Bd2 Nc6 26. Kc2 Rd4
27. f4 Kd8 28. Be3 Rd6 29. Bc5 Re6 30. Rxe6 fxe6 31. Bxc6 bxc6 32. Bxa7 Nd7 33.
Bd4 g6 34. c5 Kc8 35. Kd3 Kb7 36. a4 Ka6 37. Kc4 Ka5 38. Bc3+ Ka6 39. b4 Kb7
40. Kd3 Kc8 41. Ke4 Kd8 42. Kf3 h5 43. Kg3 Ke7 44. Kh4 Nb8 45. Kg5 Kf7 46. Kh6
Na6 47. h4 Nb8 48. Bd4 Na6 49. Bc3 Nb8 50. b5 Nd7 51. Bd4 Nb8 52. b6 cxb6 53.
cxb6 Na6 54. b7 1-0

[Event "Olympiade 2003"]
[Site "Charlesbourg CAN"]
[Date "2003.10.07"]
[Round "1"]
[White "Caire, Francois"]
[Black "Sauve, Richard"]
[Result "1/2-1/2"]
[WhiteElo "2112"]
[BlackElo "1903"]
[PlyCount "83"]
[EventDate "2003.10.07"]
[EventType "swiss"]
[EventRounds "6"]
[EventCountry "CAN"]

1. Nf3 d5 2. d4 e6 3. c4 c6 4. e3 Nf6 5. Nc3 Nbd7 6. Bd3 dxc4 7. Bxc4 b5 8. Be2
Bb7 9. e4 b4 10. e5 bxc3 11. exf6 cxb2 12. fxg7 bxa1=Q 13. gxh8=Q Qa5+ 14. Bd2
Qxd1+ 15. Bxd1 Qf5 16. O-O O-O-O 17. Qg8 Qg6 18. Qxg6 hxg6 19. Be3 Ba6 20. Re1
Bb4 21. Bd2 Bxd2 22. Nxd2 Nc5 23. Nf3 Nd3 24. Re3 c5 25. dxc5 Nxf2 26. Bc2 Nd3
27. Bxd3 Rxd3 28. Rxd3 Bxd3 29. Ne5 Bb1 30. Nxf7 Bxa2 31. Kf2 a5 32. Ke3 Kc7
33. Ne5 a4 34. Kd2 a3 35. Kc2 g5 36. g4 Bd5 37. Kb1 Bb3 38. Nf3 Bd1 39. Ne5 Bb3
40. Nf3 Bd1 41. Nxg5 Bxg4 42. Ka2 1/2-1/2

[Event "Olympiade 2003"]
[Site "Charlesbourg CAN"]
[Date "2003.10.13"]
[Round "2"]
[White "Fecteau, Martin"]
[Black "Lessard, Claude"]
[Result "1-0"]
[WhiteElo "1879"]
[BlackElo "1878"]
[PlyCount "84"]
[EventDate "2003.10.07"]
[EventType "swiss"]
[EventRounds "6"]
[EventCountry "CAN"]

1. e4 g6 2. d4 Bg7 3. Nf3 c5 4. c3 Nf6 5. e5 Nd5 6. Bc4 Nb6 7. Bb3 cxd4 8. cxd4
d5 9. Nc3 Nc6 10. h3 a5 11. a3 h6 12. Bc2 Be6 13. O-O Qd7 14. Qe2 g5 15. Qd3 a4
16. Qb5 Nc4 17. Bxa4 O-O 18. Qb3 Bxh3 19. gxh3 Qxh3 20. Qd1 g4 21. Nh2 Nxd4 22.
Qxg4 Qxg4+ 23. Nxg4 Nf3+ 24. Kg2 d4 25. Bb5 Ncd2 26. Nd5 Nxf1 27. Kxf3 h5 28.
Nxe7+ Kh8 29. Bxf1 hxg4+ 30. Kxg4 Bxe5 31. Bg5 Kg7 32. Nf5+ Kg6 33. Bd3 f6 34.
Ne7+ Kg7 35. Bd2 f5+ 36. Nxf5+ Kf6 37. Bg5+ Ke6 38. f4 Bh8 39. Re1+ Kd5 40.
Ne7+ Kd6 41. f5 Be5 42. Ng6 Rfe8 1-0